000
00286nam a2200121Ia 4500
008
241002s9999 xx 000 0 und d
082
_a
954.01 CAM
100
_a
Campbell, Johson A.
245
0
_a
Mission with Mount Batten
260
_a
London:
_c
1952
600
_a
History
942
_c
UC
999
_c
18389
_d
18389